Piešťany Liečebný dom Balnea Esplanade

Zobrazenie: Štyri čiastkové pohľady, každý v bielom orámovaní, jeden a tri ostatné zvlášť v striebornom orámovaní a všetky spolu na tmavozelenom podklade. Uprostred je medzi nimi vodorovne strieborným písmom názov. Pohľad na liečebný dom v pozadí. Vľavo sú pred ním na trávnatej ploche vysoké listnat...

Celý popis

Podrobná bibliografia
Ďalší autori: Ondrejkovič, Ivan, 1935-1998 (Fotograf)
Médium: Fotografia
Jazyk:slovenčina
PhysicalDescription:1 pohľadnica (4 čiastkové pohľady) farebná 15 x 11 cm
Vydavateľské údaje: Bratislava ČSTK-Pressfoto 1990
Predmet:

MARC

LEADER 00000ckm a2200000 a 4500
001 vtls001208578
003 SK-MaSNL
005 20260331203451.0
007 kf co
008 180703s1990 xo g 0kuslo
015 |a SNBG1990 
035 |a SNK000151648 
040 |a SNK  |b slo  |c SNK  |e AACR2 
041 0 |a slo 
043 |a e-xo--- 
044 |a xo  |c SK 
072 7 |a 913  |x Regionálna geografia  |2 konspekt 
080 |a 913(437.6)  |2 2011 
080 |a (084.121)  |2 2011 
080 |a 730  |2 2011 
080 |a 72.012.8  |2 2011 
080 |a 640.443  |2 2011 
080 |a 640.43  |2 2011 
080 |a 614.2:[725.1:614.21]  |2 2011 
080 |a 556.53  |2 2011 
080 |a 502.51  |2 2011 
080 |a (282.243)  |2 2011 
100 1 |a Ondrejkovič, Ivan,  |d 1935-1998  |4 pht  |9 7599 
245 1 |a Piešťany  |h grafika  |b Liečebný dom Balnea Esplanade  |c foto: I. Ondrejkovič ; grafický návrh: Ľ. Rázusová 
246 1 |i Názov na obrazovej časti:  |a Piešťany - Balnea Esplanade 
260 |a Bratislava  |b ČSTK-Pressfoto  |c 1990  |e Skalica  |f Grafobal 
300 |a 1 pohľadnica (4 čiastkové pohľady)  |b farebná  |c 15 x 11 cm 
520 8 |a Zobrazenie: Štyri čiastkové pohľady, každý v bielom orámovaní, jeden a tri ostatné zvlášť v striebornom orámovaní a všetky spolu na tmavozelenom podklade. Uprostred je medzi nimi vodorovne strieborným písmom názov. Pohľad na liečebný dom v pozadí. Vľavo sú pred ním na trávnatej ploche vysoké listnaté stromy. Vpravo je ďalšia trávnatá plocha s ihličnatým stromom, ktorý vidno len sčasti. Medzi trávnatým plochami je široký chodník. Pohľad na interiér reštaruácie s prestretými stolmi. V pozadí sú široké dvere a zo stropu visia lustre. Pohľad na interiér baru, v popredí sú dva konferenčné stolíky a okolo nich sú fotelky. Vľavo v pozadí je široký barový pult. Pohľad na sochu Barlolámača vpravo v popredí. Vľavo v pozadí je vidno na chodníku dvoch dospelých a dve deti. Vľavo od nich sú vysoké listnaté stromy a vpravo je za zábradlím pozdĺž chodníka rieka Váh 
650 0 7 |a liečebne  |2 SNKPH  |9 56920 
650 0 7 |a reštaurácie  |2 SNKPH  |9 23080 
650 0 7 |a bary  |2 SNKPH  |9 30142 
650 0 7 |a sochy  |2 SNKPH  |9 29846 
650 0 7 |a interiéry  |2 SNKPH  |9 2953 
650 0 7 |a rieky  |2 SNKPH  |9 29644 
651 7 |a Piešťany (Slovensko)  |2 SNKPHgeo  |9 23981 
651 7 |a Váh (Slovensko : rieka)  |2 SNKPHgeo  |9 59387 
655 7 |a miestne pohľadnice  |2 SNKPH  |9 70510 
700 1 |a Rázusová, Ľubica  |c (grafička)  |4 art  |9 283298 
958 |a GBN 
958 |a GC 
958 |a OND 
999 |c 689331  |d 691261 
952 |a SNK  |b SNK  |y PREZ  |7 0  |p 17A1287830  |o snkSP 144182  |i snk5846/90  |0 0  |1 0  |4 0  |d 2021-09-24  |f 1  |l 0  |r 2026-02-23 20:22:56  |w 2026-02-23 
952 |a SNK  |b SNK  |y PREZ  |7 0  |p 17A1287829  |o snkSP 144182 D1  |i snk5847/90  |0 0  |1 0  |4 0  |d 2021-09-24  |l 0  |r 2026-02-23 20:22:56  |w 2026-02-23